000 01139cam a2200301 i 4500
999 _c34942
_d34942
001 34942
003 Mx-PuUPA
005 20240410103755.0
008 140415s2000 ag r 000 0 spa d
040 _aMX-PuUPA
_bspa
_erda
_cMx-PuUPA
_dMx-PuUPA
041 1 _aspa
_heng
240 1 0 _aThe new media and education.
_lEspañol
245 1 4 _aLos nuevos medios de comunicación en la enseñanza moderna /
_ccompilador, Bruce J. Biddle ; colaboradores, Neal Balanoff, Nelson Foote [y otros doce] ; traduccion, Robert Juan Walton.
250 _a1a. edición
264 1 _aArgentina :
_bEditorial Páidos,
_c1970
300 _a455 páginas ;
_c19 cm.
336 _atexto
_2rdacontent
_btxt
337 _asin medio
_2rdamedia
_bn
338 _avolumen
_2rdacarrier
_bnc
700 1 _aRossi, Peter H.,
_ecompilador
700 1 _aBiddle, Bruce J.,
_ecompilador
700 1 _aBalanoff, Neal,
_ecolaborador
700 1 _aFoote, Nelson,
_ecolaborador
700 1 _aWalton, roberto Juan,
_etraductor
765 0 8 _aRossi, Peter H.,
_tThe new media and education.
942 _2ddc
_cLI
_h371.3
_iN9646